[Event "DEM U12/U12w 2009"]
[Site "Willingen GER"]
[Date "2009.06.01"]
[Round "4"]
[White "Wagner, Swenja"]
[Black "Heinemann, Josefine"]
[Result "0-1"]
[Termination "normal"]
[Board "49"]
[WhiteElo "833"]
[BlackElo "1062"]
[PlyCount "76"]
[WhiteFideId "12900494"]
[BlackFideId "12900460"]
[EventCountry "GER"]
[EventRounds "11"]
[EventType "swiss"]
[EventDate "2009.05.30"]

1. e4 e5 2. Nf3 Nc6 3. Bc4 Nf6 4. Ng5 d5 5. exd5 Na5 6. Bf1 Bc5 7. Bb5+ c6 8.
dxc6 bxc6 9. Be2 O-O 10. Nc3 h6 11. Nge4 Bb6 12. b4 Nb7 13. Ba3 Qd4 14. f3 Nd6
15. Nxf6+ gxf6 16. Rf1 Qh4+ 17. g3 Qxh2 18. d3 Be3 19. Qb1 Qxg3+ 20. Kd1 Bd4
21. Kd2 Qf4+ 22. Kd1 Bxc3 23. Qc1 Bxa1 24. Qxf4 exf4 25. Kd2 Nb5 26. Rxa1 Nxa3
27. Rg1+ Kh7 28. d4 Bf5 29. Rc1 Nxc2 30. Kc3 Rg8 31. Bc4 Rg3 32. Bxf7 Rxf3+ 33.
Kc4 Rd8 34. d5 cxd5+ 35. Bxd5 Ne3+ 36. Kb5 Rb8+ 37. Ka5 Nxd5 38. a3 Rxa3# 0-1

[Event "DEM U12/U12w 2009"]
[Site "Willingen GER"]
[Date "2009.06.02"]
[Round "5"]
[White "Svane, Rasmus"]
[Black "Lampert, Jonas"]
[Result "1/2-1/2"]
[Termination "normal"]
[Board "1"]
[WhiteElo "2034"]
[BlackElo "1977"]
[PlyCount "93"]
[WhiteFideId "4657101"]
[BlackFideId "1303759"]
[EventCountry "GER"]
[EventRounds "11"]
[EventType "swiss"]
[EventDate "2009.05.30"]

1. e4 c5 2. Nf3 d6 3. Bb5+ Bd7 4. Bxd7+ Qxd7 5. O-O Nc6 6. c3 e6 7. d4 cxd4 8.
cxd4 Nf6 9. d5 Ne5 10. dxe6 Nxf3+ 11. Qxf3 fxe6 12. Nc3 Be7 13. Bg5 O-O 14. Qh3
h6 15. Be3 e5 16. Qxd7 Nxd7 17. Nd5 Bg5 18. Rfd1 Bxe3 19. Nxe3 Nf6 20. f3 Rfd8
21. Rd2 Kf7 22. Rad1 Ke6 23. Nc4 Ne8 24. Rd5 Rac8 25. b3 b6 26. a4 Rc5 27. Nxe5
Rxd5 28. Rxd5 Nf6 29. Nc6 Rc8 30. Nd4+ Kd7 31. Rb5 Rc1+ 32. Kf2 Rd1 33. Rb4 a5
34. Rc4 Rd2+ 35. Ne2 d5 36. exd5 Rb2 37. Rc3 Nxd5 38. Rd3 Kc6 39. g3 Kc5 40. f4
Nf6 41. Kf3 Kb4 42. Nd4 Rxh2 43. f5 Rh1 44. Kf4 Rc1 45. Nb5 Rb1 46. Nd4 Rc1 47.
Nb5 1/2-1/2

[Event "DEM U12/U12w 2009"]
[Site "Willingen GER"]
[Date "2009.06.02"]
[Round "5"]
[White "Wagner, Dennis"]
[Black "Yankelevich, Lev"]
[Result "1/2-1/2"]
[Termination "normal"]
[Board "2"]
[WhiteElo "2024"]
[BlackElo "1898"]
[PlyCount "59"]
[WhiteFideId "24650684"]
[BlackFideId "24684074"]
[EventCountry "GER"]
[EventRounds "11"]
[EventType "swiss"]
[EventDate "2009.05.30"]

1. e4 Nf6 2. e5 Nd5 3. d4 d6 4. Nf3 dxe5 5. Nxe5 c6 6. Bc4 Nd7 7. Nf3 N7f6 8.
O-O g6 9. Re1 Bg7 10. Nbd2 O-O 11. Bb3 Bg4 12. h3 Bxf3 13. Nxf3 e6 14. c4 Nb6
15. Bf4 a5 16. Qe2 Qc8 17. Rad1 Rd8 18. c5 Nbd5 19. Bh2 a4 20. Bc2 a3 21. Bb3
Nh5 22. Ne5 axb2 23. Qxb2 Bxe5 24. Bxe5 Rd7 25. Qd2 Qf8 26. Rb1 f6 27. Bd6 Qf7
28. Qe2 Ng7 29. Rb2 Rad8 30. Rd2 1/2-1/2

[Event "DEM U12/U12w 2009"]
[Site "Willingen GER"]
[Date "2009.06.02"]
[Round "5"]
[White "Koop, Thorben"]
[Black "Zimmermann, Christian"]
[Result "0-1"]
[Termination "normal"]
[Board "3"]
[WhiteElo "1735"]
[BlackElo "1655"]
[PlyCount "90"]
[WhiteFideId "24661619"]
[BlackFideId "24692069"]
[EventCountry "GER"]
[EventRounds "11"]
[EventType "swiss"]
[EventDate "2009.05.30"]

1. d4 d5 2. Nf3 Nf6 3. c4 e6 4. g3 Be7 5. Bg2 O-O 6. O-O c5 7. cxd5 Nxd5 8. e4
Nf6 9. Nc3 cxd4 10. Nxd4 e5 11. Nc2 Qc7 12. Ne3 Be6 13. Ned5 Nxd5 14. exd5 Bd7
15. Qb3 Bd6 16. Ne4 Bc8 17. Bd2 Na6 18. Rfc1 Qe7 19. Bf1 Nc5 20. Nxc5 Bxc5 21.
Be3 Bxe3 22. Qxe3 f6 23. Bg2 Kh8 24. Rd1 Rd8 25. f4 Qb4 26. fxe5 Qxb2 27. e6
Re8 28. Bh3 Qb4 29. d6 Qb5 30. Re1 Qh5 31. g4 Qd5 32. g5 Qxd6 33. gxf6 gxf6 34.
Qh6 Rg8+ 35. Bg2 Qd4+ 36. Kh1 Bxe6 37. Rad1 Qf2 38. Rg1 Rg6 39. Qc1 Rag8 40.
Rd2 Qf5 41. Qe1 Rxg2 42. Rdxg2 Bd5 43. Qd1 Bxg2+ 44. Rxg2 Qe4 45. Qe2 Qb1+ 0-1

[Event "DEM U12/U12w 2009"]
[Site "Willingen GER"]
[Date "2009.06.02"]
[Round "5"]
[White "Ruff, Maximilian"]
[Black "Xu, Xianliang"]
[Result "0-1"]
[Termination "normal"]
[Board "4"]
[WhiteElo "1651"]
[BlackElo "1921"]
[PlyCount "120"]
[WhiteFideId "1271670"]
[BlackFideId "4603230"]
[EventCountry "GER"]
[EventRounds "11"]
[EventType "swiss"]
[EventDate "2009.05.30"]

1. e4 c5 2. c3 d5 3. exd5 Qxd5 4. d4 cxd4 5. cxd4 Nc6 6. Nf3 e5 7. Nc3 Bb4 8.
Bd2 Bxc3 9. Bxc3 e4 10. Ne5 Nxe5 11. dxe5 Ne7 12. Qa4+ Bd7 13. Qa3 Qe6 14. Qb4
Qc6 15. Rd1 e3 16. f3 Nd5 17. Qb3 Nxc3 18. Qxc3 Qxc3+ 19. bxc3 Rc8 20. Rd3 Be6
21. a3 Rc5 22. Rxe3 Ra5 23. c4 Ke7 24. f4 Rc8 25. Rc3 Rac5 26. Be2 Bxc4 27.
Bxc4 Rxc4 28. Rxc4 Rxc4 29. O-O Rc3 30. Rb1 b6 31. Ra1 Ke6 32. Kf2 Rc4 33. g3
Ra4 34. Ke2 f6 35. exf6 Kxf6 36. Ra2 Ke6 37. Ra1 Kf5 38. Kf2 Kg4 39. Kg2 g6 40.
Ra2 Kf5 41. Kf2 Kf6 42. Ke2 Ke6 43. Ra1 Kf7 44. Kd2 Kf6 45. Ke2 Rc4 46. Kd3 Ra4
47. Ke2 h6 48. Kf2 g5 49. fxg5+ hxg5 50. Ra2 b5 51. Rb2 Rxa3 52. Rxb5 Ra2+ 53.
Kg1 a5 54. Rc5 a4 55. Ra5 a3 56. Kh1 Ke6 57. Rxg5 Rb2 58. Ra5 a2 59. h4 Rb1+
60. Kg2 a1=Q 0-1

[Event "DEM U12/U12w 2009"]
[Site "Willingen GER"]
[Date "2009.06.02"]
[Round "5"]
[White "Imcke, Patrick"]
[Black "Donchenko, Alexander"]
[Result "0-1"]
[Termination "normal"]
[Board "5"]
[WhiteElo "1711"]
[BlackElo "1984"]
[PlyCount "70"]
[WhiteFideId "4622502"]
[BlackFideId "24603295"]
[EventCountry "GER"]
[EventRounds "11"]
[EventType "swiss"]
[EventDate "2009.05.30"]

1. e4 d6 2. d4 Nf6 3. Nc3 g6 4. f4 Bg7 5. Nf3 c5 6. dxc5 Qa5 7. Bd2 Qxc5 8. Bd3
O-O 9. Qe2 Bg4 10. h3 Bxf3 11. Qxf3 Nc6 12. Be3 Qa5 13. O-O Nd7 14. Nd1 Rac8
15. c3 a6 16. Nf2 b5 17. a3 Qc7 18. Rae1 Na5 19. g4 Nc4 20. Bc1 Qb7 21. Qg3 a5
22. h4 b4 23. axb4 axb4 24. h5 bxc3 25. b4 Qxb4 26. hxg6 fxg6 27. Kg2 Nd2 28.
Rh1 Rf7 29. g5 Nc5 30. Qh3 Rc7 31. Qxh7+ Kf8 32. Qxg6 Rxf4 33. Rh7 Qd4 34. Re3
Rxf2+ 35. Kxf2 Nxd3+ 0-1

[Event "DEM U12/U12w 2009"]
[Site "Willingen GER"]
[Date "2009.06.02"]
[Round "5"]
[White "Schuhmacher, Jakob"]
[Black "Hansch, Stephan"]
[Result "1-0"]
[Termination "normal"]
[Board "6"]
[WhiteElo "1650"]
[BlackElo "1791"]
[PlyCount "59"]
[WhiteFideId "4612787"]
[EventCountry "GER"]
[EventRounds "11"]
[EventType "swiss"]
[EventDate "2009.05.30"]

1. d4 Nf6 2. Nf3 g6 3. c4 Bg7 4. Nc3 O-O 5. e4 d6 6. Be2 e5 7. Be3 Nc6 8. d5
Ne7 9. Nd2 a5 10. c5 Nd7 11. cxd6 cxd6 12. Nc4 Qc7 13. Nb5 Qd8 14. Nbxd6 f5 15.
f3 f4 16. Bf2 g5 17. Rc1 h5 18. Nb5 Ng6 19. d6 Nf6 20. Nb6 Rb8 21. Nd5 Nxd5 22.
Qxd5+ Kh8 23. Rc7 Bd7 24. Ba7 Rc8 25. Qxb7 Rxc7 26. dxc7 Qe7 27. Nc3 Bc8 28.
Qb6 Qe6 29. Qxe6 Bxe6 30. Nd5 1-0

[Event "DEM U12/U12w 2009"]
[Site "Willingen GER"]
[Date "2009.06.02"]
[Round "5"]
[White "Brinkmann, Fabian"]
[Black "Lerch, Philipp"]
[Result "1-0"]
[Termination "normal"]
[Board "7"]
[WhiteElo "1601"]
[BlackElo "1900"]
[PlyCount "105"]
[WhiteFideId "24661414"]
[BlackFideId "4654129"]
[EventCountry "GER"]
[EventRounds "11"]
[EventType "swiss"]
[EventDate "2009.05.30"]

1. d4 d5 2. Nf3 e6 3. c3 Nf6 4. Bf4 Bd6 5. Bg3 Nbd7 6. e3 Qe7 7. Bd3 e5 8. dxe5
Nxe5 9. Nxe5 Bxe5 10. Nd2 Bd7 11. Nf3 Bd6 12. Qc2 O-O-O 13. O-O-O Kb8 14. Nd4
Bxg3 15. hxg3 h6 16. Nf5 Bxf5 17. Bxf5 g6 18. Bd3 h5 19. Rhe1 Rhe8 20. Kb1 c6
21. a4 Qc7 22. Be2 Ne4 23. Bf3 f5 24. Re2 Nd6 25. b3 Qb6 26. Ka2 Qc7 27. Red2
Re5 28. Rd4 b5 29. Be2 a6 30. c4 dxc4 31. bxc4 Nf7 32. Rxd8+ Nxd8 33. cxb5 axb5
34. Qb3 Re4 35. Rd4 Rxd4 36. exd4 Qa5 37. Ka3 Nb7 38. Qb4 Qxb4+ 39. Kxb4 bxa4
40. Kxa4 Nd6 41. Bd3 Kc7 42. Kb4 Kb6 43. f3 g5 44. Bc4 f4 45. gxf4 gxf4 46. Bd3
Nb5 47. Bxb5 cxb5 48. d5 h4 49. d6 Kc6 50. d7 Kxd7 51. Kxb5 Kd6 52. Kc4 Ke6 53.
Kd4 1-0

[Event "DEM U12/U12w 2009"]
[Site "Willingen GER"]
[Date "2009.06.02"]
[Round "5"]
[White "Kvetny, Mark"]
[Black "Gröning, Finn Jonathan"]
[Result "1-0"]
[Termination "normal"]
[Board "8"]
[WhiteElo "1858"]
[BlackElo "1513"]
[PlyCount "92"]
[WhiteFideId "24603929"]
[BlackFideId "1271634"]
[EventCountry "GER"]
[EventRounds "11"]
[EventType "swiss"]
[EventDate "2009.05.30"]

1. d4 d5 2. c4 c6 3. Nf3 Nf6 4. Nc3 dxc4 5. a4 Bf5 6. Ne5 Nd5 7. f3 Nxc3 8.
bxc3 b5 9. e4 Bg6 10. h4 f6 11. Nxg6 hxg6 12. f4 Qd7 13. Be2 e6 14. Bf3 b4 15.
cxb4 Bxb4+ 16. Kf2 Bc3 17. Rb1 Qxd4+ 18. Be3 Qxd1 19. Rhxd1 Rxh4 20. Rbc1 Ba5
21. Rxc4 Bb6 22. e5 Bxe3+ 23. Kxe3 fxe5 24. Rxc6 exf4+ 25. Kf2 Nxc6 26. Bxc6+
Ke7 27. Rd7+ Kf6 28. Bxa8 f3 29. Rxa7 fxg2 30. Bxg2 e5 31. a5 Ra4 32. Bf1 e4
33. a6 g5 34. Ra8 g4 35. Bg2 Kg6 36. Ke3 g3 37. Kf4 Kh5 38. a7 g5+ 39. Kxg3
Ra3+ 40. Kf2 e3+ 41. Ke2 Kg4 42. Bf3+ Kg3 43. Bh5 Kh4 44. Kf3 Ra4 45. Rh8 Rf4+
46. Kxe3 Rg4 1-0

[Event "DEM U12/U12w 2009"]
[Site "Willingen GER"]
[Date "2009.06.02"]
[Round "5"]
[White "Peil, Christoph"]
[Black "Birnkraut, Tim"]
[Result "1-0"]
[Termination "normal"]
[Board "10"]
[WhiteElo "1756"]
[BlackElo "1328"]
[PlyCount "79"]
[WhiteFideId "24651800"]
[BlackFideId "24609587"]
[EventCountry "GER"]
[EventRounds "11"]
[EventType "swiss"]
[EventDate "2009.05.30"]

1. e4 e5 2. Nf3 Nc6 3. Bc4 Bc5 4. c3 Nf6 5. d3 d6 6. Nbd2 O-O 7. O-O Na5 8. Bb5
a6 9. Ba4 Nc6 10. Bc2 Bg4 11. Re1 Re8 12. Nf1 h6 13. h3 Bh5 14. Ng3 Bg6 15. Nh2
Rc8 16. Ng4 Nxg4 17. Qxg4 Qf6 18. Re2 Qe6 19. Qf3 Rf8 20. h4 Kh8 21. Bb3 Qd7
22. Nf5 Bxf5 23. exf5 Qd8 24. f6 Qxf6 25. Qxf6 gxf6 26. Bxh6 Rfd8 27. Bxf7 Kh7
28. Be3 Rf8 29. Bd5 Nd8 30. Bxc5 dxc5 31. f4 exf4 32. Rf1 Nc6 33. Bxc6 bxc6 34.
Re7+ Kg6 35. Rxf4 Rfd8 36. Rf3 Rh8 37. g3 Rhf8 38. g4 Kh6 39. Re6 Kg7 40. Rxc6
1-0

[Event "DEM U12/U12w 2009"]
[Site "Willingen GER"]
[Date "2009.06.02"]
[Round "5"]
[White "Schoepe, Tobias"]
[Black "Blübaum, Matthias"]
[Result "0-1"]
[Termination "normal"]
[Board "11"]
[WhiteElo "1576"]
[BlackElo "2051"]
[PlyCount "86"]
[WhiteFideId "24692107"]
[BlackFideId "24651516"]
[EventCountry "GER"]
[EventRounds "11"]
[EventType "swiss"]
[EventDate "2009.05.30"]

1. e4 e6 2. d4 d5 3. Nc3 Nf6 4. e5 Nfd7 5. Qh5 c5 6. Nf3 cxd4 7. Nxd4 Qb6 8.
Nb3 Bb4 9. Bd2 Nc6 10. Be3 d4 11. Nxd4 Nxd4 12. O-O-O Bxc3 13. bxc3 Qa5 14.
Bxd4 Qxa2 15. Bd3 a5 16. Kd2 Qd5 17. Qg5 O-O 18. f4 Nc5 19. Bxc5 Qxc5 20. Qh4
g6 21. g4 b5 22. Rhe1 b4 23. cxb4 Qxb4+ 24. Ke3 Bb7 25. Qg3 Qc5+ 26. Ke2 Ba6
27. Kd2 Bxd3 28. cxd3 Rac8 29. f5 exf5 30. gxf5 Rfe8 31. e6 Qc3+ 32. Ke3 Rc5
33. Rc1 Re5+ 34. Kf2 Rxf5+ 35. Kg1 Qd4+ 36. Kh1 Qd5+ 37. Re4 Rxe6 38. Qb8+ Kg7
39. Qb2+ Kh6 40. Qg2 Qxd3 41. Rh4+ Rh5 42. Rxh5+ Kxh5 43. Rf1 f5 0-1

[Event "DEM U12/U12w 2009"]
[Site "Willingen GER"]
[Date "2009.06.02"]
[Round "5"]
[White "Kast, Joannis"]
[Black "Schröder, Jan-Christian"]
[Result "0-1"]
[Termination "normal"]
[Board "12"]
[WhiteElo "1618"]
[BlackElo "1820"]
[PlyCount "110"]
[WhiteFideId "24698776"]
[BlackFideId "24662259"]
[EventCountry "GER"]
[EventRounds "11"]
[EventType "swiss"]
[EventDate "2009.05.30"]

1. e4 e5 2. Nf3 Nc6 3. Bc4 Nf6 4. d4 exd4 5. e5 d5 6. Bb5 Ne4 7. Nxd4 Bd7 8.
Bxc6 bxc6 9. O-O Rb8 10. Nb3 Be7 11. Be3 Ra8 12. f3 Ng5 13. f4 Ne4 14. N1d2
Nxd2 15. Qxd2 f6 16. Nc5 Bf5 17. Rae1 fxe5 18. fxe5 O-O 19. a3 Qe8 20. b4 Qg6
21. c3 a5 22. Ra1 Rfe8 23. Rae1 Bh4 24. Bf2 Bg5 25. Qd4 axb4 26. axb4 Ra2 27.
Bg3 Rd2 28. Nd3 Rxd3 29. Qc5 Bd2 30. Re2 Bg4 31. Rxd2 Rxd2 32. Qe3 Qd3 33. Qf4
Qxf1+ 34. Qxf1 Rd1 35. Qxd1 Bxd1 36. Kf1 Kf7 37. Ke1 Bg4 38. Kd2 Ke6 39. Ke3
Ra8 40. Kd4 Ra2 41. Kc5 Kd7 42. e6+ Bxe6 43. Be5 Rxg2 44. Kd4 Rg4+ 45. Ke3 Re4+
46. Kd3 Rxe5 47. h4 Bf5+ 48. Kd2 h6 49. Kc1 g5 50. h5 Re2 51. Kd1 Bd3 52. Kc1
g4 53. Kd1 g3 54. Kc1 g2 55. Kd1 g1=R# 0-1

[Event "DEM U12/U12w 2009"]
[Site "Willingen GER"]
[Date "2009.06.02"]
[Round "5"]
[White "Ott, Florian"]
[Black "Bonk, Andras"]
[Result "0-1"]
[Termination "normal"]
[Board "13"]
[WhiteElo "1567"]
[BlackElo "1759"]
[PlyCount "164"]
[WhiteFideId "12900281"]
[BlackFideId "24692123"]
[EventCountry "GER"]
[EventRounds "11"]
[EventType "swiss"]
[EventDate "2009.05.30"]

1. d4 Nf6 2. c4 g6 3. Nc3 Bg7 4. e4 d6 5. Be3 O-O 6. Nf3 c6 7. Be2 Ng4 8. Bg5
f6 9. Bh4 g5 10. Bg3 e5 11. h4 exd4 12. Nxd4 Ne5 13. Qd2 g4 14. h5 a6 15. h6
Bh8 16. Nf5 Bxf5 17. exf5 Re8 18. O-O-O Nbd7 19. Rh4 Qb6 20. Na4 Qd8 21. Qf4 b5
22. Nc3 bxc4 23. Bxc4+ d5 24. Nxd5 cxd5 25. Bxd5+ Kf8 26. Bxa8 Qxa8 27. Qb4+
Re7 28. Rh2 Qa7 29. Bxe5 fxe5 30. g3 e4 31. Re1 Nc5 32. Rd1 Nd3+ 33. Rxd3 exd3
34. Kd2 a5 35. Qd6 Qc7 36. Qxc7 Rxc7 37. b3 Rc2+ 38. Kxd3 Rxa2 39. Kc4 Be5 40.
Rg2 Kf7 41. Kd5 Bf6 42. Rh2 Rc2 43. Ke4 Rd2 44. Rh1 Rxf2 45. Rc1 Rf3 46. Rc7+
Be7 47. Ke5 Rxb3 48. Ra7 Rb5+ 49. Kf4 Rb4+ 50. Ke5 a4 51. f6 Rb5+ 52. Kf4 Kxf6
53. Rxa4 Bd6+ 54. Kxg4 Rg5+ 55. Kh4 Bxg3+ 56. Kh3 Bd6 57. Rg4 Rh5+ 58. Rh4 Rc5
59. Rg4 Bf8 60. Rb4 Ke7 61. Re4+ Kf7 62. Rf4+ Kg8 63. Rg4+ Kh8 64. Rh4 Rc6 65.
Rh5 Bxh6 66. Rb5 Kg7 67. Kg4 Kg6 68. Rb4 Bd2 69. Rd4 h5+ 70. Kg3 Bg5 71. Rd3
Rc5 72. Rd6+ Kf5 73. Rd1 Rc3+ 74. Kg2 Kg4 75. Ra1 Be3 76. Rf1 Rc2+ 77. Kh1 Kg3
78. Rf3+ Kg4 79. Rxe3 Rc4 80. Kg2 h4 81. Rf3 h3+ 82. Kf2 Rc2+ 0-1

[Event "DEM U12/U12w 2009"]
[Site "Willingen GER"]
[Date "2009.06.02"]
[Round "5"]
[White "Hansch, Karsten"]
[Black "Lieber, Carl"]
[Result "1/2-1/2"]
[Termination "normal"]
[Board "14"]
[WhiteElo "1839"]
[BlackElo "1587"]
[PlyCount "72"]
[WhiteFideId "24692239"]
[EventCountry "GER"]
[EventRounds "11"]
[EventType "swiss"]
[EventDate "2009.05.30"]

1. d4 d5 2. Nf3 Nf6 3. e3 e6 4. Bd3 Nbd7 5. O-O c6 6. b3 Bd6 7. Bb2 O-O 8. Ne5
Qc7 9. f4 Ne4 10. Nd2 f5 11. Ndf3 Ndf6 12. Qe2 b6 13. Nd2 Bd7 14. Bxe4 Nxe4 15.
Nxe4 fxe4 16. Rac1 Qb7 17. c4 Be7 18. Qc2 Rfc8 19. Qe2 Rf8 20. Rc2 Rfc8 21.
Rfc1 a5 22. Qh5 Be8 23. Qg4 Bd7 24. a3 Ra7 25. Nxd7 Qxd7 26. cxd5 Qxd5 27. Kh1
Bf8 28. Rc3 Rac7 29. Rd1 Rd8 30. Qe2 Ra7 31. Qc4 Rc8 32. Rdc1 Rac7 33. Qa6 Rb8
34. Qe2 Rbc8 35. Qc2 Be7 36. Qd2 Bf8 1/2-1/2

[Event "DEM U12/U12w 2009"]
[Site "Willingen GER"]
[Date "2009.06.02"]
[Round "5"]
[White "Myagkov, Kirill"]
[Black "Bluhm, Sonja Maria"]
[Result "1/2-1/2"]
[Termination "normal"]
[Board "15"]
[WhiteElo "1551"]
[BlackElo "1714"]
[PlyCount "58"]
[WhiteFideId "24657042"]
[BlackFideId "24654027"]
[EventCountry "GER"]
[EventRounds "11"]
[EventType "swiss"]
[EventDate "2009.05.30"]

1. e4 e5 2. Nf3 Nc6 3. Bc4 Bc5 4. c3 Nf6 5. d4 exd4 6. cxd4 Bb4+ 7. Bd2 Bxd2+
8. Nbxd2 d5 9. exd5 Nxd5 10. O-O O-O 11. Ne5 Nce7 12. Re1 c6 13. Ne4 Bf5 14. f3
f6 15. Nd3 Kh8 16. Nec5 Nb6 17. Nxb7 Qxd4+ 18. Nf2 Qxd1 19. Raxd1 Nxc4 20. Rxe7
Rfe8 21. Rxe8+ Rxe8 22. b3 Nb2 23. Rd8 Rxd8 24. Nxd8 c5 25. Nc6 a6 26. Ne4 c4
27. bxc4 Nxc4 28. Nc5 Bb1 29. Nxa6 Bxa2 1/2-1/2

[Event "DEM U12/U12w 2009"]
[Site "Willingen GER"]
[Date "2009.06.02"]
[Round "5"]
[White "Volz, Alexander"]
[Black "Hümmecke, Aaron"]
[Result "1/2-1/2"]
[Termination "normal"]
[Board "16"]
[WhiteElo "1650"]
[BlackElo "1578"]
[PlyCount "55"]
[WhiteFideId "4669126"]
[BlackFideId "24692522"]
[EventCountry "GER"]
[EventRounds "11"]
[EventType "swiss"]
[EventDate "2009.05.30"]

1. e4 e5 2. Nf3 Nc6 3. Bc4 Nf6 4. Ng5 d5 5. exd5 Na5 6. Bb5+ c6 7. dxc6 bxc6 8.
Qf3 e4 9. Nxe4 Nxe4 10. Qxe4+ Qe7 11. Qxe7+ Bxe7 12. Be2 O-O 13. O-O Bf6 14. c3
Bf5 15. d4 Rfe8 16. Re1 Bd3 17. Kf1 Rxe2 18. Rxe2 Re8 19. Be3 Nc4 20. Ke1 Bxe2
21. Kxe2 Bg5 22. Nd2 Bxe3 23. fxe3 Nxe3 24. Kf2 Nxg2 25. Kxg2 Re2+ 26. Kg1 Rxd2
27. Rb1 Kf8 28. a4 1/2-1/2

[Event "DEM U12/U12w 2009"]
[Site "Willingen GER"]
[Date "2009.06.02"]
[Round "5"]
[White "Siegert, Gregor"]
[Black "Hirschmann, Jakob"]
[Result "0-1"]
[Termination "normal"]
[Board "17"]
[WhiteElo "1392"]
[BlackElo "1678"]
[PlyCount "58"]
[WhiteFideId "1271250"]
[BlackFideId "24652067"]
[EventCountry "GER"]
[EventRounds "11"]
[EventType "swiss"]
[EventDate "2009.05.30"]

1. d4 e6 2. c4 Nf6 3. a3 d5 4. Nc3 b6 5. e3 Bb7 6. Nf3 Be7 7. Bd3 Nbd7 8. b4 c5
9. bxc5 bxc5 10. Bd2 Rc8 11. Rb1 dxc4 12. Bxc4 Bxf3 13. Qxf3 cxd4 14. exd4 Rxc4
15. Ne2 O-O 16. O-O Nb6 17. g4 Qd5 18. Qg3 Ne4 19. Qd3 Nxd2 20. Qxd2 Qf3 21. g5
Rfc8 22. Ng3 Qc3 23. Qe2 Qxd4 24. Rfd1 Qg4 25. f3 Qxg5 26. Kh1 Qh6 27. Nf5 Qf6
28. Ne3 Rc3 29. Ng4 Qxf3+ 0-1

[Event "DEM U12/U12w 2009"]
[Site "Willingen GER"]
[Date "2009.06.02"]
[Round "5"]
[White "Xiong, Ferdinand"]
[Black "Pixa, Richard"]
[Result "1/2-1/2"]
[Termination "normal"]
[Board "18"]
[WhiteElo "1815"]
[BlackElo "1788"]
[PlyCount "77"]
[WhiteFideId "24654132"]
[BlackFideId "4626095"]
[EventCountry "GER"]
[EventRounds "11"]
[EventType "swiss"]
[EventDate "2009.05.30"]

1. e4 e6 2. d4 d5 3. Nc3 Nf6 4. e5 Nfd7 5. f4 c5 6. Nf3 Nc6 7. Be3 cxd4 8. Nxd4
Bc5 9. Qd2 a6 10. O-O-O Bxd4 11. Bxd4 O-O 12. h4 b5 13. h5 b4 14. Na4 a5 15. h6
g6 16. Kb1 Ba6 17. Qf2 Bxf1 18. Rhxf1 Qc7 19. Be3 Ne7 20. g4 Rfc8 21. Rd2 Qc6
22. b3 Qc7 23. Rg1 Nc6 24. Nb6 Nxb6 25. Bxb6 Qd7 26. Bc5 Na7 27. Qh4 f6 28.
Bxa7 Qxa7 29. Re1 fxe5 30. Rxe5 a4 31. Rxe6 axb3 32. cxb3 Qc7 33. Qe1 Qxf4 34.
Rxd5 Qxh6 35. Rb6 Qh2 36. Rd2 Qf4 37. Rf2 Qxg4 38. Rxb4 Qd7 39. Qf1 1/2-1/2

[Event "DEM U12/U12w 2009"]
[Site "Willingen GER"]
[Date "2009.06.02"]
[Round "5"]
[White "Schmücker, Felix"]
[Black "Müller, Constantin"]
[Result "1/2-1/2"]
[Termination "normal"]
[Board "19"]
[WhiteElo "1657"]
[BlackElo "1565"]
[PlyCount "53"]
[WhiteFideId "12900273"]
[BlackFideId "24697630"]
[EventCountry "GER"]
[EventRounds "11"]
[EventType "swiss"]
[EventDate "2009.05.30"]

1. e4 e6 2. d4 d5 3. Nc3 Bb4 4. e5 c5 5. a3 Bxc3+ 6. bxc3 Ne7 7. f4 Nbc6 8. Nf3
Nf5 9. Bd3 g6 10. O-O Qb6 11. Bxf5 gxf5 12. Be3 h6 13. Qe2 Qa5 14. Bd2 Qc7 15.
Rfd1 Bd7 16. Be3 a6 17. c4 cxd4 18. Nxd4 Nxd4 19. Rxd4 Bc6 20. cxd5 Bxd5 21. c4
Be4 22. Rad1 Rg8 23. g3 Kf8 24. Rd7 Qc8 25. Rd8+ Qxd8 26. Rxd8+ Rxd8 27. Bc5+
1/2-1/2

[Event "DEM U12/U12w 2009"]
[Site "Willingen GER"]
[Date "2009.06.02"]
[Round "5"]
[White "Sabirov, Ramil"]
[Black "Scheel, Henrik"]
[Result "1/2-1/2"]
[Termination "normal"]
[Board "20"]
[WhiteElo "1518"]
[BlackElo "1626"]
[PlyCount "50"]
[WhiteFideId "12900303"]
[BlackFideId "24692115"]
[EventCountry "GER"]
[EventRounds "11"]
[EventType "swiss"]
[EventDate "2009.05.30"]

1. e4 e5 2. Nf3 Nc6 3. Bb5 a6 4. Bxc6 dxc6 5. Nc3 Qf6 6. d4 exd4 7. Qxd4 Qxd4
8. Nxd4 Bb4 9. Bd2 c5 10. Nde2 Bd7 11. O-O-O O-O-O 12. Nd5 Bxd2+ 13. Rxd2 Bc6
14. Rhd1 Bxd5 15. Rxd5 Nf6 16. Rxd8+ Rxd8 17. Rxd8+ Kxd8 18. f3 Ke7 19. Kd2 Nd7
20. f4 Nf6 21. Nc3 c6 22. h3 b5 23. Ke3 Nd7 24. g4 Nb6 25. b3 Ke6 1/2-1/2

[Event "DEM U12/U12w 2009"]
[Site "Willingen GER"]
[Date "2009.06.02"]
[Round "5"]
[White "Grigorian, Spartak"]
[Black "Herbst, Timothy"]
[Result "0-1"]
[Termination "normal"]
[Board "21"]
[WhiteElo "1765"]
[BlackElo "1416"]
[PlyCount "109"]
[WhiteFideId "24661490"]
[BlackFideId "12900346"]
[EventCountry "GER"]
[EventRounds "11"]
[EventType "swiss"]
[EventDate "2009.05.30"]

1. e4 c5 2. Nf3 Nc6 3. d4 cxd4 4. Nxd4 Nf6 5. Nc3 g6 6. Be3 Bg7 7. Bc4 O-O 8.
Bb3 d6 9. f3 Re8 10. Qd2 Nxd4 11. Bxd4 Bd7 12. O-O-O Bc6 13. g4 b5 14. h4 a5
15. h5 a4 16. Bd5 Bxd5 17. Nxd5 Rc8 18. hxg6 fxg6 19. Nxf6+ exf6 20. g5 fxg5
21. Bxg7 Kxg7 22. Qd4+ Re5 23. Qxd6 Qxd6 24. Rxd6 Rc7 25. Kd2 Rec5 26. c3 Rc4
27. Rd4 h5 28. Ke3 a3 29. bxa3 Rxc3+ 30. Rd3 Rxd3+ 31. Kxd3 Ra7 32. e5 Rxa3+
33. Ke4 Rxa2 34. Rd1 Ra7 35. Rg1 g4 36. fxg4 hxg4 37. Kd5 Rb7 38. Rxg4 b4 39.
Rf4 b3 40. Rf1 b2 41. Rb1 Kf7 42. Kd6 Ke8 43. e6 Rb6+ 44. Kd5 Ke7 45. Kc5 Rb8
46. Kd5 g5 47. Kc4 Kxe6 48. Kd3 Kf5 49. Ke3 g4 50. Kf2 Kf4 51. Kg2 g3 52. Kg1
Kf3 53. Kf1 Rh8 54. Kg1 g2 55. Rxb2 0-1

[Event "DEM U12/U12w 2009"]
[Site "Willingen GER"]
[Date "2009.06.02"]
[Round "5"]
[White "Töws, Manuel"]
[Black "Huckebrink, Chris"]
[Result "1-0"]
[Termination "normal"]
[Board "22"]
[WhiteElo "1863"]
[BlackElo "1489"]
[PlyCount "55"]
[WhiteFideId "24654485"]
[EventCountry "GER"]
[EventRounds "11"]
[EventType "swiss"]
[EventDate "2009.05.30"]

1. e4 e6 2. d4 d5 3. Nc3 Bb4 4. e5 c5 5. a3 Bxc3+ 6. bxc3 Qa5 7. Bd2 c4 8. Qg4
Kf8 9. h4 Ne7 10. h5 h6 11. Qd1 b5 12. g4 Nbc6 13. Ne2 Qa4 14. g5 hxg5 15. Bxg5
Nf5 16. Qd2 a5 17. Qc1 Nce7 18. Ng3 Nh6 19. Bh3 Bb7 20. Bxe7+ Kxe7 21. Qg5+ Kf8
22. Kd2 Bc6 23. Rhg1 Rg8 24. Ne2 b4 25. axb4 Qb5 26. Rxa5 Rxa5 27. Qd8+ Be8 28.
Qd6# 1-0